书目信息 |
| 题名: |
HTML+CSS+JavaScript网页设计实战
|
|
| 作者: | 刘玉红 , 蒲娟 编著 | |
| 分册: | ||
| 出版信息: | 北京 清华大学出版社 2017 |
|
| 页数: | 432页 | |
| 开本: | 26cm | |
| 丛书名: | ||
| 单 册: | ||
| 中图分类: | TP312.8 , TP393.092 | |
| 科图分类: | ||
| 主题词: | 超文本标记语言--程序设计 , 网页制作工具 , Java语言--程序设计 | |
| 电子资源: | ||
| ISBN: | 978-7-302-48055-6 | |
| 000 | 01630nam0 2200289 45 | |
| 001 | 012001003528 | |
| 005 | 20140102105054.0 | |
| 010 | @a978-7-302-48055-6@dCNY78.00 | |
| 100 | @a20171018d2017 em y0chiy50 ea | |
| 101 | 0 | @achi |
| 102 | @aCN@b110000 | |
| 105 | @aab z 000yy | |
| 106 | @ar | |
| 200 | 1 | @aHTML+CSS+JavaScript网页设计实战@9HTML+CSS+JavaScript wang ye she ji shi zhan@f刘玉红, 蒲娟编著 |
| 210 | @a北京@c清华大学出版社@d2017 | |
| 215 | @a432页@c图,地图@d26cm@e1光盘 | |
| 300 | @a实战从入门到精通(视频教学版) | |
| 330 | @a本书第1篇主要讲解HTML入门知识、网页文档结构、网页中的文本和图像、建立超链接、创建表格和表单等内容;第2篇主要讲解HTML5快速入门、HTML5中的多媒体、使用HTML5绘制图形等内容;第3篇主要讲解CSS概述与基本语法、美化网页字体与段落、美化网页图片、美化网页背景与边框、美化表格和表单样式、美化超链接和鼠标指针、控制网页导航菜单的样式等内容;第4篇主要讲解CSS+DIV盒子的浮动与定位、网页布局剖析与制作、JavaScript和jQuery、经典的网页动态特效案例等;第5篇主要讲解制作企业门户类网页、制作在线购物类网页、制作移动设备类网页;在DVD光盘中赠送了丰富的资源,诸如本书实例源代码、教学幻灯片、本书精品教学视频、88个实用类网页模板、精选的JavaScript实例、HTML5标记速查手册、CSS属性速查表、JavaScript函数速查手册、CSS+DIV布局赏析案例、精彩网站配色方案赏析、网页样式与布局案例赏析、Web前端工程师常见面试题等资料。 | |
| 606 | 0 | @a超文本标记语言@x程序设计 |
| 606 | 0 | @a网页制作工具 |
| 606 | 0 | @aJava语言@x程序设计 |
| 690 | @aTP312.8@v5 | |
| 690 | @aTP393.092@v5 | |
| 701 | 0 | @a刘玉红@9liu yu hong@4编著 |
| 701 | 0 | @a蒲娟@9pu juan@4编著 |
| 801 | 0 | @aCN@b北京卓展@c20191020 |
| 905 | @b1211987-90@dTP312.8@e1567@f4 | |
| HTML+CSS+JavaScript网页设计实战/刘玉红, 蒲娟编著.-北京:清华大学出版社,2017 |
| 432页:图,地图;26cm+1光盘 |
| 实战从入门到精通(视频教学版) |
| ISBN 978-7-302-48055-6:CNY78.00 |
| 本书第1篇主要讲解HTML入门知识、网页文档结构、网页中的文本和图像、建立超链接、创建表格和表单等内容;第2篇主要讲解HTML5快速入门、HTML5中的多媒体、使用HTML5绘制图形等内容;第3篇主要讲解CSS概述与基本语法、美化网页字体与段落、美化网页图片、美化网页背景与边框、美化表格和表单样式、美化超链接和鼠标指针、控制网页导航菜单的样式等内容;第4篇主要讲解CSS+DIV盒子的浮动与定位、网页布局剖析与制作、JavaScript和jQuery、经典的网页动态特效案例等;第5篇主要讲解制作企业门户类网页、制作在线购物类网页、制作移动设备类网页;在DVD光盘中赠送了丰富的资源,诸如本书实例源代码、教学幻灯片、本书精品教学视频、88个实用类网页模板、精选的JavaScript实例、HTML5标记速查手册、CSS属性速查表、JavaScript函数速查手册、CSS+DIV布局赏析案例、精彩网站配色方案赏析、网页样式与布局案例赏析、Web前端工程师常见面试题等资料。 |
| ● |
| 相关链接 |
|
|
|
|
正题名:HTML+CSS+JavaScript网页设计实战
索取号:TP312.8/1567
 
预约/预借
| 序号 | 登录号 | 条形码 | 馆藏地/架位号 | 状态 | 备注 |
| 1 | 1211987 | 212119875 | 第二样本阅览室/ [索取号:TP312.8/1567] | 在馆 | |
| 2 | 1211988 | 212119884 | 第三借阅区/ [索取号:TP312.8/1567] | 在馆 | |
| 3 | 1211989 | 212119893 | 第三借阅区/ [索取号:TP312.8/1567] | 在馆 | |
| 4 | 1211990 | 212119900 | 第三借阅区/ [索取号:TP312.8/1567] | 在馆 |